000 00848nam a22002177a 4500
003 UA-OsUOA
001 131481
007 ta
008 20180606b un ||||| |||| 00| 0 ukr d
090 _a81'367
_bВ15
942 _cBK
040 _aUA-OsUOA
_brus
_cUA-OsUOA
_dUA-OsUOA
245 _aВалентность и сочетаемость на синтаксическом уровне языка и речи
_bтезисы докладов и сообщений межвузовской научной конференции
_cредкол.: Ю. С. Долгов и др.
300 _a228 с.
955 _a1
041 _arus
080 _a81'367
260 _aМогилев
_bМГПИ
_c1991
650 7 _a8 Мовознавство. Художня література. Літературознавство
_2UDC
999 _c419711
_d419711